000 00426nam a2200157Ia 4500
008 230711s9999||||xx |||||||||||||| ||und||
041 _aENG
082 _a621
_bWA-G
100 _aWadhwa,C.L
245 0 _aGeneration distribution and utilization of electrical energy
250 _a2nd . Ed.
260 _c2006
_aNew Delhi
_bNew Age International Publishers
300 _a446
650 _aElectrical Engineering
942 _cBK
999 _c4420
_d4420